<?xml version="1.0" encoding="UTF-8"?>
<record
    xmlns:xsi="http://www.w3.org/2001/XMLSchema-instance"
    xsi:schemaLocation="http://www.loc.gov/MARC21/slim http://www.loc.gov/standards/marcxml/schema/MARC21slim.xsd"
    xmlns="http://www.loc.gov/MARC21/slim">

  <leader>00380nam a22001577a 4500</leader>
  <controlfield tag="008">221031b        |||||||| |||| 00| 0 eng d</controlfield>
  <datafield tag="020" ind1=" " ind2=" ">
    <subfield code="a">9789388206518</subfield>
  </datafield>
  <datafield tag="082" ind1=" " ind2=" ">
    <subfield code="a">346.07 SIN</subfield>
  </datafield>
  <datafield tag="100" ind1=" " ind2=" ">
    <subfield code="a">Singh, Avtar</subfield>
  </datafield>
  <datafield tag="245" ind1=" " ind2=" ">
    <subfield code="a">Company Law</subfield>
  </datafield>
  <datafield tag="250" ind1=" " ind2=" ">
    <subfield code="a">17th ed</subfield>
  </datafield>
  <datafield tag="260" ind1=" " ind2=" ">
    <subfield code="a">Lucknow</subfield>
    <subfield code="b">Eastern Book Company</subfield>
    <subfield code="c">2018</subfield>
  </datafield>
  <datafield tag="300" ind1=" " ind2=" ">
    <subfield code="a">cxlvii, 794 p:</subfield>
    <subfield code="c">24 cm</subfield>
  </datafield>
  <datafield tag="650" ind1=" " ind2=" ">
    <subfield code="a">CE Books </subfield>
  </datafield>
  <datafield tag="942" ind1=" " ind2=" ">
    <subfield code="2">ddc</subfield>
  </datafield>
  <datafield tag="999" ind1=" " ind2=" ">
    <subfield code="c">9185</subfield>
    <subfield code="d">9186</subfield>
  </datafield>
  <datafield tag="952" ind1=" " ind2=" ">
    <subfield code="0">0</subfield>
    <subfield code="1">0</subfield>
    <subfield code="2">ddc</subfield>
    <subfield code="4">0</subfield>
    <subfield code="7">0</subfield>
    <subfield code="8">CE Textbook</subfield>
    <subfield code="a">RTCLIB</subfield>
    <subfield code="b">RTCLIB</subfield>
    <subfield code="c">CE Textbook</subfield>
    <subfield code="d">2022-10-31</subfield>
    <subfield code="h">17096</subfield>
    <subfield code="o">346.07 SIN c.7</subfield>
    <subfield code="p">30015654</subfield>
    <subfield code="r">2022-10-31 00:00:00</subfield>
    <subfield code="w">2022-10-31</subfield>
    <subfield code="y">CE TEXBOOK</subfield>
  </datafield>
  <datafield tag="952" ind1=" " ind2=" ">
    <subfield code="0">0</subfield>
    <subfield code="1">0</subfield>
    <subfield code="2">ddc</subfield>
    <subfield code="4">0</subfield>
    <subfield code="7">0</subfield>
    <subfield code="8">CE Textbook</subfield>
    <subfield code="a">RTCLIB</subfield>
    <subfield code="b">RTCLIB</subfield>
    <subfield code="c">CE Textbook</subfield>
    <subfield code="d">2022-10-31</subfield>
    <subfield code="h">17095</subfield>
    <subfield code="o">346.07 SIN c.6</subfield>
    <subfield code="p">30016463</subfield>
    <subfield code="r">2022-10-31 00:00:00</subfield>
    <subfield code="w">2022-10-31</subfield>
    <subfield code="y">CE TEXBOOK</subfield>
  </datafield>
  <datafield tag="952" ind1=" " ind2=" ">
    <subfield code="0">0</subfield>
    <subfield code="1">0</subfield>
    <subfield code="2">ddc</subfield>
    <subfield code="4">0</subfield>
    <subfield code="7">0</subfield>
    <subfield code="8">CE Textbook</subfield>
    <subfield code="a">RTCLIB</subfield>
    <subfield code="b">RTCLIB</subfield>
    <subfield code="c">CE Textbook</subfield>
    <subfield code="d">2022-10-31</subfield>
    <subfield code="h">17094</subfield>
    <subfield code="o">346.07 SIN c.5</subfield>
    <subfield code="p">30015958</subfield>
    <subfield code="r">2022-10-31 00:00:00</subfield>
    <subfield code="w">2022-10-31</subfield>
    <subfield code="y">CE TEXBOOK</subfield>
  </datafield>
  <datafield tag="952" ind1=" " ind2=" ">
    <subfield code="0">0</subfield>
    <subfield code="1">0</subfield>
    <subfield code="2">ddc</subfield>
    <subfield code="4">0</subfield>
    <subfield code="7">0</subfield>
    <subfield code="8">CE Textbook</subfield>
    <subfield code="a">RTCLIB</subfield>
    <subfield code="b">RTCLIB</subfield>
    <subfield code="c">CE Textbook</subfield>
    <subfield code="d">2022-10-31</subfield>
    <subfield code="h">17093</subfield>
    <subfield code="o">346.07 SIN c.4</subfield>
    <subfield code="p">30016092</subfield>
    <subfield code="r">2022-10-31 00:00:00</subfield>
    <subfield code="w">2022-10-31</subfield>
    <subfield code="y">CE TEXBOOK</subfield>
  </datafield>
  <datafield tag="952" ind1=" " ind2=" ">
    <subfield code="0">0</subfield>
    <subfield code="1">0</subfield>
    <subfield code="2">ddc</subfield>
    <subfield code="4">0</subfield>
    <subfield code="7">0</subfield>
    <subfield code="8">CE Textbook</subfield>
    <subfield code="a">RTCLIB</subfield>
    <subfield code="b">RTCLIB</subfield>
    <subfield code="c">CE Textbook</subfield>
    <subfield code="d">2022-10-31</subfield>
    <subfield code="h">17091</subfield>
    <subfield code="o">346.07 SIN c.2</subfield>
    <subfield code="p">30015663</subfield>
    <subfield code="r">2022-10-31 00:00:00</subfield>
    <subfield code="w">2022-10-31</subfield>
    <subfield code="y">CE TEXBOOK</subfield>
  </datafield>
  <datafield tag="952" ind1=" " ind2=" ">
    <subfield code="0">0</subfield>
    <subfield code="1">0</subfield>
    <subfield code="2">ddc</subfield>
    <subfield code="4">0</subfield>
    <subfield code="7">0</subfield>
    <subfield code="8">CE Textbook</subfield>
    <subfield code="a">RTCLIB</subfield>
    <subfield code="b">RTCLIB</subfield>
    <subfield code="c">CE Textbook</subfield>
    <subfield code="d">2022-10-31</subfield>
    <subfield code="h">17090</subfield>
    <subfield code="o">346.07 SIN c.1</subfield>
    <subfield code="p">30016148</subfield>
    <subfield code="r">2022-10-31 00:00:00</subfield>
    <subfield code="w">2022-10-31</subfield>
    <subfield code="y">CE TEXBOOK</subfield>
  </datafield>
  <datafield tag="952" ind1=" " ind2=" ">
    <subfield code="0">0</subfield>
    <subfield code="1">0</subfield>
    <subfield code="2">ddc</subfield>
    <subfield code="4">0</subfield>
    <subfield code="7">0</subfield>
    <subfield code="8">CE Textbook</subfield>
    <subfield code="a">RTCLIB</subfield>
    <subfield code="b">RTCLIB</subfield>
    <subfield code="c">CE Textbook</subfield>
    <subfield code="d">2022-10-31</subfield>
    <subfield code="h">17092</subfield>
    <subfield code="o">346.07 SIN c.3</subfield>
    <subfield code="p">30016143</subfield>
    <subfield code="r">2022-10-31 00:00:00</subfield>
    <subfield code="w">2022-10-31</subfield>
    <subfield code="y">CE TEXBOOK</subfield>
  </datafield>
  <datafield tag="952" ind1=" " ind2=" ">
    <subfield code="0">0</subfield>
    <subfield code="1">0</subfield>
    <subfield code="2">ddc</subfield>
    <subfield code="4">0</subfield>
    <subfield code="7">0</subfield>
    <subfield code="8">CE Textbook</subfield>
    <subfield code="a">RTCLIB</subfield>
    <subfield code="b">RTCLIB</subfield>
    <subfield code="c">CE Textbook</subfield>
    <subfield code="d">2022-11-14</subfield>
    <subfield code="h">17296</subfield>
    <subfield code="l">0</subfield>
    <subfield code="o">346.07 SIN c.10</subfield>
    <subfield code="p">30016257</subfield>
    <subfield code="r">2022-11-14 00:00:00</subfield>
    <subfield code="w">2022-11-14</subfield>
    <subfield code="y">CE TEXBOOK</subfield>
  </datafield>
  <datafield tag="952" ind1=" " ind2=" ">
    <subfield code="0">0</subfield>
    <subfield code="1">0</subfield>
    <subfield code="2">ddc</subfield>
    <subfield code="4">0</subfield>
    <subfield code="7">0</subfield>
    <subfield code="8">CE Textbook</subfield>
    <subfield code="a">RTCLIB</subfield>
    <subfield code="b">RTCLIB</subfield>
    <subfield code="c">CE Textbook</subfield>
    <subfield code="d">2022-11-14</subfield>
    <subfield code="h">17295</subfield>
    <subfield code="o">346.07 SIN c.9</subfield>
    <subfield code="p">30016346</subfield>
    <subfield code="r">2022-11-14 00:00:00</subfield>
    <subfield code="w">2022-11-14</subfield>
    <subfield code="y">CE TEXBOOK</subfield>
  </datafield>
  <datafield tag="952" ind1=" " ind2=" ">
    <subfield code="0">0</subfield>
    <subfield code="1">0</subfield>
    <subfield code="2">ddc</subfield>
    <subfield code="4">0</subfield>
    <subfield code="7">0</subfield>
    <subfield code="8">CE Textbook</subfield>
    <subfield code="a">RTCLIB</subfield>
    <subfield code="b">RTCLIB</subfield>
    <subfield code="c">CE Textbook</subfield>
    <subfield code="d">2022-11-14</subfield>
    <subfield code="h">17294</subfield>
    <subfield code="o">346.07 SIN c.8</subfield>
    <subfield code="p">30016225</subfield>
    <subfield code="r">2022-11-14 00:00:00</subfield>
    <subfield code="w">2022-11-14</subfield>
    <subfield code="y">CE TEXBOOK</subfield>
  </datafield>
  <datafield tag="952" ind1=" " ind2=" ">
    <subfield code="0">0</subfield>
    <subfield code="1">0</subfield>
    <subfield code="2">ddc</subfield>
    <subfield code="4">0</subfield>
    <subfield code="7">0</subfield>
    <subfield code="8">CE Textbook</subfield>
    <subfield code="a">RTCLIB</subfield>
    <subfield code="b">RTCLIB</subfield>
    <subfield code="c">CE Textbook</subfield>
    <subfield code="d">2023-01-31</subfield>
    <subfield code="h">176840</subfield>
    <subfield code="o">346.07 SIN c.11</subfield>
    <subfield code="p">30017816</subfield>
    <subfield code="r">2023-01-31 00:00:00</subfield>
    <subfield code="w">2023-01-31</subfield>
    <subfield code="y">CE TEXBOOK</subfield>
  </datafield>
</record>
